000 01058cam a2200337 a 4500
001 22427
003 SK-KTurca
005 20260328105540.0
008 240226s2004 xo gr 000 f slo
015 _aSNBA2005/11-04406
020 _a8055107173
_q(viazané)
035 _aSNK000432768
035 _aurn:nbn:sk:snk-am3j2tb
035 _a08715959-2939-44B0-BB34-4104CF862225
035 _aurn:nbn:sk:snk-am00gkj9
040 _aSNK
_bslo
_cSNK
_eAACR2
041 1 _aslo
_heng
044 _axo
_cSK
072 7 _a821.111-3
_xAnglická próza, anglicky písaná
_2konspekt
080 _a821.111-31
_21997
080 _a821.111-31
_22011
100 1 _aHarris, Joanne,
_d1964-
_4aut
240 1 0 _aHoly Fools
_lSlovensky
245 1 0 _aBoží ľudia
_cJoanne Harrisová ; [z anglického originálu Holy Fools ... preložila Alena Redlingerová]
250 _a1. vyd.
260 _aBratislava
_bIkar
_c2004
300 _a318 strán
_c21 cm
655 7 _aanglické romány
_2SNKPH
700 1 _aRedlingerová, Alena,
_d1946-
_4trl
942 _2ddc
_cKLDO
_n0
999 _c22427
_d22427